Meilleurs Buteurs de la Ligue des Champions depuis 2020 - Football - Statistiques

Statistiques générales
  • Ce quiz a été pris 224 fois
  • Le résultat moyen est 15 sur 20
Statistiques - réponses
Buts Nationalité Joueur % Correct
36 France Kylian Mbappé
100%
39 Norvège Erling Haaland
99%
25 Égypte Mohamed Salah
99%
37 Pologne Robert Lewandowski
98%
28 Brésil Vinicius Junior
96%
20 Angleterre Harry Kane
94%
25 France Karim Benzema
89%
14 Argentine Lionel Messi
87%
19 France Antoine Griezmann
83%
21 Brésil Rodrygo
83%
14 France Ousmane Dembélé
80%
14 Algérie Riyad Mahrez
73%
15 Guinée Serhou Guirassy
67%
16 Argentine Lautaro Martinez
65%
15 Argentine Julian Alvarez
54%
16 Brésil Raphinha
54%
15 Angleterre Phil Foden
53%
14 Espagne Alvaro Morata
50%
13 Angleterre Jude Bellingham
47%
16 Allemagne Leroy Sané
43%
Aucun quiz correspondant
Distribution des résultats
% des personnes avec chaque résultat
Percentile par nombre de réponses
Votre historique - résultats
Vous n’avez pas pris ce quiz